000 01143nam a22003257a 4500
003 CHAP
005 20220329141541.0
008 971013s1984 r 00010 d
010 _a70030
011 _a71002
035 _a80556
040 _cCHAP
090 _aTesis
100 0 0 _aCruz Torres, Eulogio de la.
_929614
245 _aEstandarización del proceso de producción de champiñón, Agaricus bisporus (Lange) Sing., primera parte : producción del inóculo
260 _aChapingo, Méx. :
_bEl autor,
_c1984
300 _a158 h.
500 _aD19-63
502 _aTesis (Ing. Agr. Esp. en Industrias Agrícolas) -- UACH. Departamento de Industrias Agrícolas
590 _aALEPH
_b10
_c20130110
_lUCH01
_h1409
590 _aBATCH-UPD
_b10
_c20130110
_lUCH01
_h0643
590 _aBATCH-UPD
_b10
_c20130410
_lUCH01
_h0327
590 _aBATCH-UPD
_b10
_c20130914
_lUCH01
_h2008
590 _aCONVERSION
_b10
_c20130109
_lUCH01
_h1338
650 1 4 _aSetas
_xPropagación.
_9105380
710 0 _aUACH. Departamento de Industrias Agrícolas.
_9115870
901 _aBK
942 _cTESIS
949 _bBC
_cTES
_d805561
_eTS1
_h20908
_i80556
_sb
999 _c70030
_d70030